000 00467nam a2200193Ia 4500
005 20240823062626.0
008 240823s9999||||xx |||||||||||||| ||und||
041 _aENGLISH
082 _A621.4022 N6
100 _aArora S C
245 2 _aA Cource in Heat and Mass Transfer
250 _a1st
260 _c1996
_b"Dhanpat Rai, Delhi"
500 _aYES
650 _aHeat
_bAeronautical Engineering
700 _a Domkundwar S
942 _cBK
999 _c236324
_d236324